banner-ar

مجموعة التمائم والاحجية المحفوظة فى متحف الفن الاسلامى بالقاهرة : (Record no. 66785)

MARC details
000 -الفاتح
حقل البيانات ثابتة الطول 01015nam a2200229 4500
005 - وقت وتاريخ اخر تعامل مع التسجيلة
رقم الضبط 20240530110939.0
008 - عناصر البيانات ثابتة الطول - معلومات عامة
حقل البيانات ثابتة الطول 221025s2021 ua af f 000 0 ara d
017 ## - رقم الايداع القانونى
رقم الايداع القانونى 2019/9262
المصدر ( الهيئة المختصة) مصر. دار الكتب
020 ## - الرقم الدولى المعيارى للكتب
الرقم الدولى المعيارى للكتاب 9789777359894
040 ## - مصدر الفهرسة
وكالة الفهرسة الأصلية EG-CaGPL
وكالة النسخ EG-CaGPL
082 08 - رقم تصنيف ديوى العشرى
رقم الطبعة 21
رقم التصنيف 704.948/
رقم المادة ق/ع م
100 0# - المدخل الرئيسى - إسم شخصى
الإسم الشخصى عبدالحميد عبدالسلام محمد عبدالرحمن عليو
245 10 - بيان العنوان
العنوان مجموعة التمائم والاحجية المحفوظة فى متحف الفن الاسلامى بالقاهرة :
بقية العنوان دراسة اثارية فنية /
بيان المسئوليه,etc عبدالحميد عبدالسلام محمد عبدالرحمن عليو
250 ## - بيان الطبعة
بيان الطبعة ط.1
260 ## - PUBLICATION, DISTRIBUTION, ETC. (IMPRINT)
تاريخ النشر أو التوزيع 2021.
300 ## - الوصف المادى
التعداد 760 ص. :
تفاصيل ماديه اخرى للوعاء ايض ؛
أبعاد الوعاء 24 سم.
650 07 - المدخل الاضافى بالموضوع-مصطلح موضوعى
مصدر الرأس أو المصطلح qrmak
مصطلح موضوعي الاحجبة والتمائم
650 07 - المدخل الاضافى بالموضوع-مصطلح موضوعى
مصدر الرأس أو المصطلح qrmak
مصطلح موضوعي الفن الاسلامى
651 ## - المدخل الاضافى بالموضوع - اسم جغرافى
مصدر الرأس أو المصطلح qrmak
942 ## - عناصر المدخل الإضافي( كوها)
مصدر التصنيف او مخطط الترفيف Dewey Decimal Classification
Koha [default] item type كتاب
260 ## - PUBLICATION, DISTRIBUTION, ETC. (IMPRINT)
-- الاسكندرية :
-- دار الوفاء لدنيا الطباعة و النشر،
Holdings
حالة التراجع حالة الفقد حالة تلف ليس للاعارة المكان المؤقت الموقع الحالى موقع الترفيف تاريخ الاكتساب اجمالي اﻻعارات رقم الطلب الباركود تاريخ اخر مشاهدة تاريخ تفعيل السعر نوع وعاء كوها
        مكتبة القاهرة الكبرى مكتبة القاهرة الكبرى   10/25/2022   704.948/ ق/ع م 168675 10/25/2022 10/25/2022 كتاب

Powered By

EGPV